- Verne, Jules,
Entry Nombre Personal
001 - NUMERO DE CONTROL
- campo de control: 27907
003 - IDENTIFICADOR DE NUMERO DE CONTROL
- campo de control: MX-MxUPN
005 - FECHA Y HORA DE LA ÜLTIMA TRANSACCIÓN
- campo de control: 20240620105018.0
008 - DATOS DE LONGITUD FIJA
- campo de control de longitud fija: 240620n||acannaabn a aaa |d
010 ## - NÚMERO DE CONTROL DE LA BIBLIOTECA DEL CONGRESO
- Número de control LC: n 79064013
035 ## - NUMERO DE CONTROL
- Número de control: UPN11000000013
035 ## - NUMERO DE CONTROL
- Número de control: (OCoLC)oca00296954
040 ## - FUENTE DE CATALOGACIÓN
- Lenguaje de catalogación: spa
- Agencia de transcripción: DLC
- Agencia original de catalogación: DLC
- Agencia que lo modifica: DLC
- Agencia que lo modifica: OCoLC
- Agencia que lo modifica: InU
- Agencia que lo modifica: WU
- Agencia que lo modifica: CoU
- Agencia que lo modifica: MX-MxUPN
046 ## - FECHAS CON CODIFICACIÓN ESPECIAL
- Fecha de nacimiento: 18280208
- Fecha de muerte: 19050424
053 #4 - NÚMERO DE CLASIFICACIÓN LC
- Número de clasificación elemento-número único o número inicial de tramo: PQ2469 E8
100 1# - ENCABEZAMIENTO - NOMBRE PERSONAL
- Nombre personal: Verne, Jules,
- Fechas asociadas con el nombre: 1828-1905
370 ## - LUGAR ASOCIADO
- Fuente del término: $naf
- Place of birth: Nantes (Francia)
- Place of death: Amiens (Francia)
- Associated country: Francia
372 ## - CAMPO DE ACTIVIDAD
- Field of activity: Ciencia ficción
- Field of activity: Acción y aventura
- Field of activity: Novelas
- Field of activity: Poesía
- Field of activity: Drama
- Field of activity: Viajes imaginarios
374 ## - OCUPACIÓN
- Occupation: Novelista
- Occupation: Poeta
- Occupation: Dramaturgo
378 ## - FORMA COMPLETA DE NOMBRE PERSONAL
- Fuller form of personal name: Jules Gabriel
400 1# - VEÁSE - NOMBRE DE PERSONA
- Personal name: Verne, Julio,
- Dates associated with a name: 1828-1905
670 ## - FUENTE EN LA QUE SE LOCALIZARON DATOS
- Cita de la fuente: Autoridades LC, 20 junio 2024 :
- Información localizada: (Verne, Jules, 1828-1905)
- Uniform Resource Identifier: https://lccn.loc.gov/n79064013
680 ## - NOTA PUBLICA DE ACCESO PÚBLICO
- Frase explicativa de la referencia: Escritor francés
902 ## - CATALOGADOR
- Catalogador: MEEG/080606
